Normal view
MARC view
Entry Personal Name
001 - CONTROL NUMBER
- control field: 17571
003 - CONTROL NUMBER IDENTIFIER
- control field: BD-RjUL
005 - DATE AND TIME OF LATEST TRANSACTION
- control field: 20260107113115.0
008 - FIXED-LENGTH DATA ELEMENTS
- fixed length control field: 260107|| aca||aabn | a|a d
040 ## - CATALOGING SOURCE
- Original cataloging agency: BD-RjUL
- Transcribing agency: BD-RjUL
100 ## - HEADING--PERSONAL NAME
- Personal name: ইসলাম, মনিরুল,
- Dates associated with a name: ১৯৪৩
- General subdivision: জীবনী
670 ## - SOURCE DATA FOUND
- Source citation: Work cat.: (BD-RjUL)86070: সোবাহান, হীরা 17566, বাংলাদেশের ছাপচিত্রকলা এবং তিনজন শিল্পী : , ২০২৪